|
|
|
|
| LEADER |
00000cam a2200000 7i4500 |
| 001 |
0000036607 |
| 005 |
20180212093000.0 |
| 008 |
021119n |
| 020 |
|
|
|a 058227723X
|
| 090 |
0 |
0 |
|a HC79.T4
|b M346 1997
|
| 100 |
0 |
|
|a Malecki, Edward J. ,
|d 1949- ,
|e author
|
| 245 |
0 |
0 |
|a Technology and economic development :
|b the dynamics of local, regional and national competitiveness
|c Edward J. Malecki
|
| 250 |
|
|
|a 2nd ed.
|
| 260 |
2 |
|
|a Harlow, Essex, England :
|b Longman ,
|c 1997
|
| 300 |
|
|
|a xvi, 460 p. ; ;
|c 24 cm.
|
| 504 |
|
|
|a Includes bibliographical references (p. 323-450) and index
|
| 650 |
|
0 |
|a Economic development
|
| 650 |
|
0 |
|a Regional economic disparities
|
| 650 |
|
0 |
|a Technological innovations
|x Economic aspects
|
| 650 |
|
0 |
|a Technology and state
|
| 999 |
|
|
|a 1000080136
|b Book
|c OPEN SHELF (30 DAYS)
|e Gong Badak Campus
|